Skills in clinical nursing / (رقم التسجيلة. 22356)

تفاصيل مارك
000 -الفاتح
حقل البيانات ثابتة الطول 00971cam a22003138a 4500
001 - رقم الضبط
رقم الضبط 697768661
003 - محدد رقم الضبط
رقم الضبط OCoLC
005 - وقت وتاريخ اخر تعامل مع التسجيلة
رقم الضبط 20150408114026.0
008 - عناصر البيانات ثابتة الطول - معلومات عامة
حقل البيانات ثابتة الطول 110113s2012 nju bf 001 0 eng
010 ## - رقم ضبط مكتبة الكونجرس
رقم ضبط مكتبة الكونجرس 2011001760
020 ## - الرقم الدولى المعيارى للكتب
الرقم الدولى المعيارى للكتاب 9780132659024
035 ## - رقم ضبط النظام
رقم ضبط النظام (OCoLC)697768661
رقم الضبط الملغى والمتاح (OCoLC)690089835
040 ## - مصدر الفهرسة
وكالة الفهرسة الأصلية DNLM/DLC
وكالة النسخ DLC
وكالة التعديل BTCTA
-- YDXCP
-- NLM
042 ## - رمز التحقق
رمز التحقق pcc
050 00 - رقم طلب مكتبة الكونجرس
رقم التصنيف RT41
رقم المادة .K723 2011
060 10 - رقم الطلب بالمكتبة الطبية الوطنية
رقم التصنيف WY 49
082 00 - رقم تصنيف ديوى العشرى
رقم التصنيف 610.73
رقم الطبعة 22
100 1# - المدخل الرئيسى - إسم شخصى
الإسم الشخصى Berman, Audrey.
9 (RLIN) 11292
245 10 - بيان العنوان
العنوان Skills in clinical nursing /
بيان المسئوليه,etc Audrey Berman, Shirlee Snyder.
250 ## - بيان الطبعة
بيان الطبعة 7th ed.
260 ## - PUBLICATION, DISTRIBUTION, ETC. (IMPRINT)
مكان الناشر او الموزع Upper Saddle River, NJ :
اسم الناشر او الموزع Pearson Prentice Hall,
تاريخ النشر أو التوزيع c2012.
300 ## - الوصف المادى
التعداد xv, 895 p. :
تفاصيل ماديه اخرى للوعاء col. ill. ;
أبعاد الوعاء 28 cm.
504 ## - تبصرة ببليوجرافية
تبصرة ببليوجرافية,الخ Includes bibliographical references and index.
650 #0 - المدخل الاضافى بالموضوع-مصطلح موضوعى
مصطلح موضوعي أو اسم جغرافي كعنصر مدخل Nursing
التقسيم الفرعي الشكلي Handbooks, manuals, etc.
650 12 - المدخل الاضافى بالموضوع-مصطلح موضوعى
مصطلح موضوعي أو اسم جغرافي كعنصر مدخل Nursing Care
التقسيم الفرعي الشكلي Handbooks.
650 22 - المدخل الاضافى بالموضوع-مصطلح موضوعى
مصطلح موضوعي أو اسم جغرافي كعنصر مدخل Nursing Process
التقسيم الفرعي الشكلي Handbooks.
9 (RLIN) 10191
700 1# - المدخل الاضافى - اسم شخصى
الإسم الشخصى Snyder, Shirlee.
9 (RLIN) 11293
942 ## - عناصر المدخل الإضافي( كوها)
مصدر التصنيف او مخطط الترفيف Dewey Decimal Classification
Koha [default] item type كتاب
المقتنيات
حالة الفقد نموذج السعر الفعال حالة تلف ليس للاعارة رقم الطلب تاريخ الاكتساب الموقع الحالي الباركود الفرع الرئيسي Date last seen نوع المادة فى نظام كوها مصدر التصنيف او خطة الترفيف Total Checkouts
  2013-03-10   Not For Loan 610.73 B A S 2012-04-20 المكتبة المركزية بالمجمعة (CL) 00084458 المكتبة المركزية بالمجمعة (CL) 2013-03-10 كتاب Dewey Decimal Classification  
  2013-03-10     610.73 B A S 2012-04-20 المكتبة المركزية بالمجمعة (CL) 00084459 المكتبة المركزية بالمجمعة (CL) 2013-03-10 كتاب Dewey Decimal Classification  
  2013-03-10     610.73 BAS 2013-01-01 المكتبة المركزية بالمجمعة (CL) 00401556 المكتبة المركزية بالمجمعة (CL) 2013-03-10 كتاب Dewey Decimal Classification  
  2013-03-10     610.73 BAS 2013-01-01 المكتبة المركزية بالمجمعة (CL) 00401557 المكتبة المركزية بالمجمعة (CL) 2013-03-10 كتاب Dewey Decimal Classification  
  2013-03-10   Not For Loan 610.73 BAS 2012-12-31 مكتبة كلية التمريض - طلاب (CNM) 00401212 مكتبة كلية التمريض - طلاب (CNM) 2013-03-10 كتاب Dewey Decimal Classification  
  2013-03-10   Not For Loan 610.73 B A S 2012-04-19 مكتبة كلية العلوم الطبية التطبيقية بالمجمعة - طالبات (AMF) 00084249 مكتبة كلية العلوم الطبية التطبيقية بالمجمعة - طالبات (AMF) 2013-03-10 كتاب Dewey Decimal Classification  
  2013-03-10     610.73 B A S 2012-04-19 مكتبة كلية العلوم الطبية التطبيقية بالمجمعة - طالبات (AMF) 00084250 مكتبة كلية العلوم الطبية التطبيقية بالمجمعة - طالبات (AMF) 2013-03-10 كتاب Dewey Decimal Classification